<?xml version="1.0" encoding="UTF-8"?>
<record
    xmlns:xsi="http://www.w3.org/2001/XMLSchema-instance"
    xsi:schemaLocation="http://www.loc.gov/MARC21/slim http://www.loc.gov/standards/marcxml/schema/MARC21slim.xsd"
    xmlns="http://www.loc.gov/MARC21/slim">

  <leader>01761    a2200217   4500</leader>
  <controlfield tag="001">47158</controlfield>
  <controlfield tag="005">20260407155740.0</controlfield>
  <controlfield tag="008">260407a1990    arg                 spa d</controlfield>
  <controlfield tag="003">AR-UNSa-BCEJYS</controlfield>
  <datafield tag="040" ind1=" " ind2=" ">
    <subfield code="a">AR-UNSa-BCEJYS</subfield>
    <subfield code="b">spa</subfield>
    <subfield code="c">AR-UNSa-BCEJYS</subfield>
  </datafield>
  <datafield tag="080" ind1=" " ind2=" ">
    <subfield code="a">330.834</subfield>
    <subfield code="x">Keynes y el keynesianismo. Neokeynesianismo. Poskeynesianismo</subfield>
  </datafield>
  <datafield tag="245" ind1="1" ind2="0">
    <subfield code="a">La macroeconom&#xED;a seg&#xFA;n Keynes. Una revisi&#xF3;n de la teor&#xED;a general</subfield>
  </datafield>
  <datafield tag="020" ind1=" " ind2=" ">
    <subfield code="a">84-206-8131-8</subfield>
  </datafield>
  <datafield tag="264" ind1=" " ind2="1">
    <subfield code="a">Madrid :</subfield>
    <subfield code="b">Alianza Editorial</subfield>
    <subfield code="c">1990</subfield>
  </datafield>
  <datafield tag="300" ind1=" " ind2=" ">
    <subfield code="a">412 p.</subfield>
    <subfield code="c">23 cm.</subfield>
  </datafield>
  <datafield tag="505" ind1=" " ind2=" ">
    <subfield code="a">Parte I: Preliminares y fundamentos: 1. Keynes y la macroeconom&#xED;a - 2. El m&#xE9;todo de la teor&#xED;a general - 3. La estructura de agregaci&#xF3;n -- Parte II: Un modelo est&#xE1;tico de un proceso din&#xE1;mico: 4. La teor&#xED;a de la producci&#xF3;n y el empleo - 5. Los fundamentos microecon&#xF3;micos de la oferta agregada - 6. Demanda agregada - 7. El mercado de trabajo: Keynes versus los cl&#xE1;sicos - 8. Una profundizaci&#xF3;n en la demanda de trabajo -- Parte III: Financiaci&#xF3;n: 9. Ahorro, Inversi&#xF3;n, Inter&#xE9;s y Financiaci&#xF3;n - 10. Incentivos a la liquidez - 11. La determinaci&#xF3;n del tipo de inter&#xE9;s - 12. El sistema bancario - 13. El modelo est&#xE1;tico: recapitulaci&#xF3;n -- Parte IV: El sistema en marcha: 14. El multiplicador - 15. Precios y producci&#xF3;n - 16. Fluctuaciones c&#xED;clicas - 17. El dinero -- Parte V: Temas de pol&#xED;tica econ&#xF3;mica: 18. Implicaciones de pol&#xED;tica econ&#xF3;mica: pol&#xED;tica monetaria y fiscal - 19. La pol&#xED;tica econ&#xF3;mica en una perspectiva a largo plazo - 20. La relevancia de la Teor&#xED;a general en la actualidad. </subfield>
  </datafield>
  <datafield tag="942" ind1=" " ind2=" ">
    <subfield code="c">BK</subfield>
  </datafield>
  <datafield tag="590" ind1=" " ind2=" ">
    <subfield code="a">niveau_biblio:m niveau_hierar:0</subfield>
  </datafield>
  <datafield tag="100" ind1="1" ind2=" ">
    <subfield code="a">Chick, Victoria</subfield>
  </datafield>
  <datafield tag="856" ind1="4" ind2="1">
    <subfield code="u">https://www.biblioeco.unsa.edu.ar/pmb/images/libros/L127406.jpg</subfield>
    <subfield code="y">Imagen de portada</subfield>
    <subfield code="q">image/jpeg</subfield>
  </datafield>
  <datafield tag="999" ind1=" " ind2=" ">
    <subfield code="c">4299</subfield>
    <subfield code="d">4299</subfield>
  </datafield>
  <datafield tag="952" ind1=" " ind2=" ">
    <subfield code="0">0</subfield>
    <subfield code="1">0</subfield>
    <subfield code="4">0</subfield>
    <subfield code="7">0</subfield>
    <subfield code="a">BCEJYS</subfield>
    <subfield code="b">BCEJYS</subfield>
    <subfield code="c">16</subfield>
    <subfield code="d">2026-04-07</subfield>
    <subfield code="l">0</subfield>
    <subfield code="o">330.834 C532</subfield>
    <subfield code="p">L127406</subfield>
    <subfield code="r">2026-04-07 15:57:40</subfield>
    <subfield code="w">2026-04-07</subfield>
    <subfield code="y">L</subfield>
  </datafield>
</record>
